000 00313nam a22001337a 4500
008 171011b xxu||||| |||| 00| 0 eng d
020 _a9780030140686
041 _aeng
080 _25TH
_a316
100 _a50
101 _aSOC
245 _aFUNDAMENTALS OF HUMAN SEXUALITY
_cKATCHADOURIAN,H,A
942 _2udc
_cBK
999 _c33058
_d33058